000 00276nam a2200109Ia 4500
008 200302s9999 xx 000 0 und d
100 _aBotone Bognar
245 _aBeyond the Bubble the New Japanese Architecture
260 _bPhaidon Perss Ltd.
260 _c2008
300 _a239
999 _c3353
_d3353